EFL League Two Clubs Quiz - Statistics

General Stats
  • This quiz has been taken 98 times
    50 since last reset
  • The average score is 17 of 24
Answer Stats
Club % Correct
Bromley
84%
Accrington Stanley
79%
Chesterfield
79%
Harrogate Town
79%
Morecambe
79%
Barrow
74%
Grimsby Town
74%
Milton Keynes Dons
74%
Newport County
74%
Tranmere Rovers
74%
AFC Wimbledon
68%
Bradford City
68%
Crewe Alexandra
68%
Fleetwood Town
68%
Salford City
68%
Carlisle United
63%
Doncaster Rovers
63%
Gillingham
63%
Notts County
63%
Port Vale
63%
Walsall
63%
Cheltenham Town
58%
Colchester United
58%
Swindon Town
58%
No matching quizzes found
Score Distribution
Percent of People with Each Score
Percentile by Number Answered
Your Score History
You have not taken this quiz since the last reset